[Event "Arber op 7th"]
[Site "Bodenmais"]
[Date "2018.07.29"]
[Round "2"]
[White "Bartels, Vladimir"]
[Black "Karner, Carl Philipp"]
[Result "1-0"]
[WhiteElo "1739"]
[BlackElo "1555"]
[PlyCount "65"]
[EventDate "2018.07.28"]
[EventType "swiss"]
[EventRounds "9"]
[EventCountry "GER"]
[SourceTitle "CBM 185 Extra"]
[Source "ChessBase"]
[SourceDate "2018.07.29"]
[SourceVersion "1"]
[SourceVersionDate "2018.07.29"]
[SourceQuality "1"]

1. e4 Nf6 2. e5 Nd5 3. d4 d6 4. c4 Nb6 5. exd6 exd6 6. Nc3 Nc6 7. Be2 Bf5 8. Nf3 Be7 9. 0-0 0-0 10. a3 a5 11. Be3 Nd7 12. h3 Re8 13. Bd3 Bxd3 14. Qxd3 Bf6 15. Rfe1 g6 16. Bh6 Bg7 17. Rxe8+ Qxe8 18. Bxg7 Kxg7 19. Re1 Qd8 20. Nb5 Na7 21. Nc3 Nc6 22. Nd2 Nf6 23. Nde4 d5 24. Nxf6 dxc4 25. Ne8+ Kf8 26. Qxc4 Qd7 27. Nf6 Qf5 28. Ncd5 Rd8 29. Qc5+ Kg7 30. Ne8+ Kh6 31. Qf8+ Kg5 32. h4+ Kh5 33. Nef6+ 1-0

[Event "Oberpfalz-ch M3"]
[Site "Bad Koetzting"]
[Date "2018.03.26"]
[Round "5"]
[White "Karner, Carl Philipp"]
[Black "Hummel, Peter"]
[Result "1/2-1/2"]
[WhiteElo "1513"]
[BlackElo "1439"]
[PlyCount "80"]
[EventDate "2018.03.24"]
[EventType "swiss"]
[EventRounds "8"]
[EventCountry "GER"]
[SourceTitle "EXT 2020"]
[Source "ChessBase"]
[SourceDate "2019.10.17"]
[SourceVersion "1"]
[SourceVersionDate "2019.10.17"]
[SourceQuality "1"]

1. b4 e6 2. b5 d6 3. e3 Be7 4. Bb2 Bf6 5. d4 Nd7 6. Nf3 b6 7. c4 Bb7 8. Be2 Qe7 9. 0-0 e5 10. Nc3 Nh6 11. Qc2 0-0 12. Rad1 c5 13. dxe5 Nxe5 14. Nd5 Bxd5 15. Rxd5 Rad8 16. Rfd1 g6 17. Nd2 Neg4 18. h3 Bxb2 19. hxg4 Bg7 20. Ne4 f5 21. gxf5 Nxf5 22. Bg4 Be5 23. Bxf5 gxf5 24. Nd2 f4 25. exf4 Rxf4 26. Nf3 Rxf3 27. gxf3 Qg7+ 28. Kf1 Bh2 29. R5d3 Qg1+ 30. Ke2 Re8+ 31. Re3 Rxe3+ 32. fxe3 Qg2+ 33. Kd3 Qh3 34. Qf2 Be5 35. Rg1+ Bg7 36. Qg3 Qf5+ 37. e4 Qf6 38. Qxg7+ Qxg7 39. Rxg7+ Kxg7 40. Ke3 Kg6 1/2-1/2

[Event "Oberpfalz-ch M3"]
[Site "Bad Koetzting"]
[Date "2018.03.24"]
[Round "1"]
[White "Karner, Carl Philipp"]
[Black "Reisinger, Willi"]
[Result "1/2-1/2"]
[WhiteElo "1513"]
[BlackElo "1238"]
[PlyCount "112"]
[EventDate "2018.03.24"]
[EventType "swiss"]
[EventRounds "8"]
[EventCountry "GER"]
[SourceTitle "EXT 2020"]
[Source "ChessBase"]
[SourceDate "2019.10.17"]
[SourceVersion "1"]
[SourceVersionDate "2019.10.17"]
[SourceQuality "1"]

1. e4 e5 2. f4 d6 3. Nf3 Nc6 4. Bc4 h6 5. 0-0 Nf6 6. Nc3 Be7 7. fxe5 dxe5 8. d3 0-0 9. Nd5 Bc5+ 10. Be3 Bxe3+ 11. Nxe3 Nd4 12. Nxe5 b5 13. Bxf7+ Rxf7 14. Nxf7 Kxf7 15. c3 Nc6 16. Qh5+ Kg8 17. Qxb5 Ne7 18. Rf2 Be6 19. Raf1 c6 20. Qa6 Qc7 21. Nc4 Ng4 22. Rf4 Ng6 23. Rxg4 Bxg4 24. Ne3 Be6 25. d4 Rf8 26. a3 Rxf1+ 27. Qxf1 Qf4 28. Qxf4 Nxf4 29. g3 Nd3 30. b4 Kf7 31. Kf1 Nb2 32. Ke1 Nc4 33. Ke2 Nxa3 34. Kd3 Nb5 35. c4 Nc7 36. d5 cxd5 37. exd5 Bd7 38. b5 Ke7 39. Kd4 g6 40. Kc5 Ne8 41. Nd1 Nd6 42. Nc3 Nb7+ 43. Kb4 Bf5 44. c5 h5 45. c6 Nd6 46. Ka5 Nc8 47. Ka6 Kd6 48. Kb7 Kc5 49. Kc7 Kc4 50. d6 Nb6 51. Na4 Nd5+ 52. Kb8 Kxb5 53. d7 Ne7 54. Kc7 Nxc6 55. Nc3+ Kc5 56. Na4+ Kb5 1/2-1/2